000 00668nam a2200241Ia 4500
003 OSt
005 20220918192341.0
006 a|||||r|||| 00| 0
007 ta
008 220917b |||||||| |||| 00| 0 eng d
024 _a68,064
037 _cTextual
040 _aARTS
_cARTS
_beng
041 _2eng
_aeng
082 _aO111944:gN, L6
100 _aMachwe Prabhakar
245 0 _aFour decades of Indain literature
_b A critical evaluation
260 _aNew Delhi
_bChetana pub India
_c1976
300 _a160p.
_ccm.
650 _aENGLISH LITERATURE
942 _hO111944:gN, L6
_cTEXL
_2CC
999 _c194270
_d194270